Statistics for Rhymes With Bean

Click here to take the quiz!

General Stats

  • This quiz has been taken 221 times
  • The average score is 15 of 20

Answer Stats

HintAnswer% Correct
DDean
98%
LLean
98%
MMean
98%
JJean
96%
SSeen
96%
QQueen
94%
TTeen
92%
KKeen
87%
WWean
86%
CClean
84%
GGlean
78%
PPreen
75%
SSheen
73%
GGene
66%
SScene
64%
SSpleen
57%
TTween
53%
SScreen
48%
LLien
43%
MMien
32%

Score Distribution

Percentile by Number Answered

Percent of People with Each Score

Your Score History

You have not taken this quiz